| 000 | 00564nam a22001577a 4500 | ||
|---|---|---|---|
| 003 | OSt | ||
| 005 | 20151001093556.0 | ||
| 008 | 151001b xxu||||| |||| 00| 0 eng d | ||
| 040 | _cRUA | ||
| 082 | _aAVM ហ៊ឺ1992 B065 Or.1 | ||
| 100 |
_91646 _aហ៊ឺ សោភ័ណវិចិត្រ |
||
| 245 | _aជម្ងឺចុងអង្ករ នៃគោ ក្របី និង ជ្រូកនៅទីសត្តឃាតក្រុងភ្នំពេញ | ||
| 260 |
_aPhnom Penh _bRUA _c1992 |
||
| 300 |
_a58p. _bill. _c29cm. |
||
| 942 |
_2ddc _cAVM |
||
| 999 |
_c1554 _d1554 |
||